000
00223nam a2200085Ia 4500
008
120527s9999 xx 000 0 und d
100
_a
WILLIAMS, eta l
245
_a
Study guide to accompany fundamental of physics
942
_c
BK
999
_c
25620
_d
25620